00735cam a22002293a 450000100060000000300060000600500170001200800410002904000150007004200070008505000070009210000280009924500870012726000290021450000510024350600300029451600200032465300770034465300130042183000290043485600420046327375PGUSA20140828083606.0081201s2008||||xxu|||||s|||||000 | eng d aPGUSAbeng adc 4aPR1 aPain, Barry,d1864-192810aIf Winter Don't :bA B C D E F Notsomuchinsonh[electronic resource] /cBarry Pain bProject Gutenberg,c2008 aParody of A.S.M. Hutchinson's If winter comes. aPublic domain in the USA. aElectronic text aHutchinson, A. S. M. (Arthur Stuart-Menteth), 1880-1971. If winter comes aParodies 0aProject Gutenbergv2737540uhttp://www.gutenberg.org/ebooks/27375